| 000 | 01128cam a2200289 4500 | ||
|---|---|---|---|
| 008 | 090401t1991 xxu||||| |||| 00| 0 eng d | ||
| 020 | _a0117525227 | ||
| 035 | _a(Sirsi) u54764 | ||
| 041 | _aeng | ||
| 050 |
_a711.1 _c18 |
||
| 110 |
_aUnited Kingdom _bDepartment of the Environment _9982 |
||
| 245 |
_aMinerals planning guidance _bprovision of raw material for the cement industry |
||
| 260 |
_aLondon _bHMSO _c1991 |
||
| 300 |
_a20p. _c30cm. |
||
| 350 | _a4.25 | ||
| 490 |
_aMPG _v10 |
||
| 520 | _aAdvise minerals planning authorities and the industry on what needs to be done to ensure that there is an adequate and continuous supply of raw material to maintain concrete production in a manner which has full regard to the environment. View at www.planning.odpm.gov.uk. | ||
| 650 | _aCEMENT INDUSTRY | ||
| 650 | _aMPG10 | ||
| 650 | _aQUARRYING | ||
| 650 | _aRAW MATERIALS | ||
| 690 | _aPLANNING LAW AND PRACTICE | ||
| 710 |
_aUnited Kingdom _bWelsh Office _91214 |
||
| 856 |
_uhttps://www.communities.gov.uk/index.asp?id=1144214 _vView the guidance on the ODPM website... |
||
| 942 | _n0 | ||
| 948 | _c04/03/1997 | ||
| 999 |
_c93501 _d93501 |
||